The world of our mothers : the lives of Jewish immigrant women /

Bibliographic Details
Main Author: Weinberg, Sydney Stahl
Format: Book
Language:English
Published: Chapel Hill : University of North Carolina Press, [1988]
Subjects:

MARC

Tag First Indicator Second Indicator Subfields
LEADER 00000cam a2200000 a 4500
001 in00000017191
005 20151007053415.0
008 870501s1988 ncuabc b s00110 eng
010 |a  87013233  
020 |a 0807817627 (alk. paper) 
035 |a (OCoLC)15793355 
035 |9 AAB1548AM 
040 |a DLC  |c DLC  |d TXA  |d UtOrBLW 
043 |a n-us--- 
049 |a TXAM  |c [A11468975] 
050 0 0 |a E184.J5  |b W43 1988 
082 0 |a 305.4/88924/073  |2 19 
100 1 |a Weinberg, Sydney Stahl. 
245 1 4 |a The world of our mothers :  |b the lives of Jewish immigrant women /  |c Sydney Stahl Weinberg. 
264 1 |a Chapel Hill :  |b University of North Carolina Press,  |c [1988] 
264 4 |c ©1988 
300 |a xxiv, 325 pages :  |b illustrations, map, portraits ;  |c 24 cm. 
336 |a text  |b txt  |2 rdacontent 
337 |a unmediated  |b n  |2 rdamedia 
338 |a volume  |b nc  |2 rdacarrier 
504 |a Bibliography: pages [303]-317. 
500 |a Includes index. 
650 0 |a Jewish women  |z United States  |x Social conditions. 
650 0 |a Jewish women  |z United States  |x Interviews. 
650 0 |a Jews, East European  |z United States  |x Social conditions. 
650 0 |a Immigrants  |z United States  |x Interviews. 
999 |a MARS 
999 f f |s 3af13329-5934-3456-80ea-4b752d4457ed  |i 5d684cb5-28b2-3269-91e3-562ed4feab89  |t 0 
952 f f |p ric  |a Texas A&M University  |b Rellis Campus  |c Joint Library Facility  |d Remote Storage  |t 0  |e E184.J5 W43 1988  |h Library of Congress classification  |i unmediated -- volume  |m A14811468975 
998 f f |a E184.J5 W43 1988  |t 0  |l Remote Storage